[Event "13sen.WMH 2003 Senioren"]
[Site "Bad Zwischenahn(17.11.-29.11.2003)"]
[Date "2003.11.29"]
[Round "6"]
[White "Stiemerling, Karl-Heinz"]
[Black "Buss, Richard"]
[Result "1-0"]
[WhiteElo "1623"]
[BlackElo "1404"]
[PlyCount "75"]


1. d4 Nf6 2. c4 d5 3. e3 c6 4. Nc3 e6 5. Nf3 Be7 6. Bd3 dxc4 7. Bxc4 O-O 8. O-O
a6 9. a4 Nbd7 10. a5 Bb4 11. Qa4 Bxc3 12. bxc3 Qc7 13. Qc2 b5 14. axb6 Nxb6 15.
Bd3 Nbd5 16. Ba3 Re8 17. c4 Ne7 18. e4 Ng6 19. e5 Ng4 20. h3 Nh6 21. Bd6 Qd7
22. c5 Qd8 23. Be4 Bd7 24. Rfb1 f5 25. Bd3 a5 26. Qd2 a4 27. Ra3 Nf7 28. Rb4
Qa5 29. Bc2 Nxd6 30. exd6 e5 31. Raxa4 Qd8 32. Bb3+ Be6 33. Bxe6+ Rxe6 34. Qa2
Rxa4 35. Qxe6+ Kf8 36. Rxa4 Qb8 37. Qxf5+ Ke8 38. Ng5 1-0

[Event "13sen.WMH 2003 Senioren"]
[Site "Bad Zwischenahn(17.11.-29.11.2003)"]
[Date "2003.11.29"]
[Round "6"]
[White "Stock, Hugo"]
[Black "Barlo, Werner"]
[Result "0-1"]
[WhiteElo "1614"]
[BlackElo "1735"]
[PlyCount "84"]


1. e4 c5 2. Nf3 a6 3. c3 d6 4. d4 cxd4 5. cxd4 Nf6 6. Nc3 g6 7. Be2 Bg7 8. O-O
b5 9. b4 Bb7 10. Be3 Nbd7 11. Qd3 Rc8 12. Rac1 O-O 13. Rfd1 Nb6 14. Nd2 Qd7 15.
f3 Rc7 16. d5 Nc4 17. Nxc4 Rxc4 18. Qb1 Rcc8 19. Bf1 Ng4 20. Qd3 Nxe3 21. Qxe3
Rc7 22. Ne2 Rfc8 23. Rxc7 Rxc7 24. Rc1 Qc8 25. Rxc7 Qxc7 26. Qc1 Bd4+ 27. Kh1
Qxc1 28. Nxc1 Bc3 29. Nd3 Bc8 30. Be2 e6 31. a3 exd5 32. exd5 Bb7 33. Nf4 Bb2
34. a4 bxa4 35. Bc4 Bc3 36. Nd3 Kf8 37. Kg1 a3 38. Kf1 Bc8 39. Ke2 Bd7 40. Kd1
Ba4+ 41. Kc1 Bb5 42. Bxb5 a2 0-1

[Event "13sen.WMH 2003 Senioren"]
[Site "Bad Zwischenahn(17.11.-29.11.2003)"]
[Date "2003.11.29"]
[Round "6"]
[White "Szymaniak, Horst"]
[Black "Rettler, Heinz"]
[Result "1/2-1/2"]
[WhiteElo "2007"]
[BlackElo "1879"]
[PlyCount "129"]


1. e4 c6 2. d4 d5 3. Nc3 dxe4 4. Nxe4 Nd7 5. Bc4 Ngf6 6. Ng5 e6 7. Qe2 Nb6 8.
Bb3 h6 9. N5f3 c5 10. Be3 Qc7 11. Ne5 cxd4 12. Bxd4 Be7 13. Ngf3 O-O 14. c3 Bc5
15. O-O Bxd4 16. Nxd4 a6 17. Rad1 Nbd5 18. f4 Nd7 19. Ng6 Nc5 20. Bxd5 fxg6 21.
Nxe6 Bxe6 22. Bxe6+ Nxe6 23. Qxe6+ Kh7 24. Qe5 Qb6+ 25. Rf2 Rae8 26. Qd4 Qe6
27. Rff1 Qxa2 28. g4 Qe6 29. f5 gxf5 30. gxf5 Qf6 31. Qd5 Re7 32. Rf2 Qe5 33.
Qf3 Qe3 34. Qxe3 Rxe3 35. Rdf1 Rf6 36. Kg2 Re7 37. h4 h5 38. Rd1 Kh6 39. Rd5 g6
40. Kg3 gxf5 41. Rdxf5 Rxf5 42. Rxf5 Kg6 43. Rd5 Re6 44. c4 Rb6 45. Rd2 Kf5 46.
Rd5+ Ke4 47. Rxh5 Rxb2 48. Rg5 Rb1 49. Ra5 Rg1+ 50. Kf2 Rg7 51. h5 Kd4 52. Ra4
Rh7 53. c5+ Kxc5 54. Rh4 b5 55. Ke3 b4 56. h6 a5 57. Kd3 Kb5 58. Rh5+ Ka4 59.
Kc2 b3+ 60. Kc3 b2 61. Kxb2 Kb4 62. Rh4+ Kc5 63. Kb3 Kd5 64. Rh5+ Ke6 65. Rxa5
1/2-1/2

[Event "13sen.WMH 2003 Senioren"]
[Site "Bad Zwischenahn(17.11.-29.11.2003)"]
[Date "2003.11.29"]
[Round "6"]
[White "Titz, Herbert"]
[Black "Peleikis, Horst"]
[Result "1/2-1/2"]
[WhiteElo "1949"]
[BlackElo "1916"]
[PlyCount "32"]


1. d4 Nf6 2. Nf3 g6 3. g3 Bg7 4. Bg2 O-O 5. O-O d6 6. Nbd2 Nbd7 7. e4 e5 8.
dxe5 dxe5 9. Qe2 b6 10. Rd1 Qe7 11. Ne1 Bb7 12. f3 Rfd8 13. Nf1 a5 14. Be3 Ne8
15. Bh3 Nd6 16. c3 Ba6 1/2-1/2

[Event "13sen.WMH 2003 Senioren"]
[Site "Bad Zwischenahn(17.11.-29.11.2003)"]
[Date "2003.11.29"]
[Round "6"]
[White "Trifunovic, Dusan"]
[Black "Boeven, Manfred"]
[Result "0-1"]
[WhiteElo "1869"]
[BlackElo "2005"]
[PlyCount "138"]


1. e4 c5 2. c3 Nf6 3. e5 Nd5 4. d4 cxd4 5. cxd4 e6 6. Nc3 Nxc3 7. bxc3 Qc7 8.
Qb3 b6 9. Be2 Bb7 10. Bf3 d6 11. Bf4 Nc6 12. exd6 Bxd6 13. Bxd6 Qxd6 14. Ne2
O-O 15. Bxc6 Qxc6 16. f3 Ba6 17. Kf2 e5 18. Rhe1 Bxe2 19. Rxe2 exd4 20. cxd4
Qd6 21. Qd3 Qxh2 22. a4 Rad8 23. d5 Rd6 24. a5 Rg6 25. Rg1 Qg3+ 26. Kf1 bxa5
27. Rh1 Rc8 28. Qc2 Qb8 29. Qd2 h6 30. Rh4 Rb6 31. Kf2 Rb4 32. Rhe4 Rxe4 33.
fxe4 Qe5 34. g3 a4 35. Qf4 Qd4+ 36. Qe3 Qf6+ 37. Qf4 Qb6+ 38. Qe3 Kf8 39. Ra2
Rc4 40. Qxb6 axb6 41. Rb2 Rxe4 42. Rxb6 Rd4 43. Ra6 Rxd5 44. Rxa4 Rd3 45. Ra7
g6 46. Rb7 Kg7 47. Rc7 h5 48. Rb7 g5 49. Rb5 Kg6 50. Rb8 Rd4 51. Ke3 Ra4 52.
Rb5 h4 53. gxh4 Rxh4 54. Kf3 Ra4 55. Rb6+ Kh5 56. Rf6 g4+ 57. Kg3 Ra3+ 58. Kg2
Ra7 59. Kg3 Kg5 60. Rb6 Ra3+ 61. Kg2 f5 62. Rb8 Ra2+ 63. Kg1 g3 64. Rg8+ Kf4
65. Re8 Kf3 66. Re1 f4 67. Rf1+ Kg4 68. Rb1 f3 69. Kh1 Rh2+ 0-1

[Event "13sen.WMH 2003 Senioren"]
[Site "Bad Zwischenahn(17.11.-29.11.2003)"]
[Date "2003.11.29"]
[Round "6"]
[White "Wallhof, Dieter"]
[Black "Bardin, Christian"]
[Result "1-0"]
[WhiteElo "1986"]
[BlackElo "1763"]
[PlyCount "111"]


1. c4 e5 2. g3 Nf6 3. Bg2 d5 4. cxd5 Nxd5 5. Nf3 Nc6 6. d3 Bb4+ 7. Nbd2 O-O 8.
O-O Re8 9. a3 Bf8 10. Re1 Be6 11. b4 a6 12. Bb2 f6 13. Rc1 Qd7 14. Nb3 Rab8 15.
e4 Nb6 16. d4 Bg4 17. d5 Ne7 18. Nc5 Qd6 19. Qb3 Kh8 20. h3 Bd7 21. Red1 Nec8
22. Qc2 Na7 23. a4 Rec8 24. Ba3 Qe7 25. g4 Qe8 26. a5 Na8 27. Rd2 Nb5 28. Bb2
Nd6 29. Bf1 Bb5 30. Ne6 Bxf1 31. Rxf1 Qg6 32. Re2 Qf7 33. Qb3 b6 34. axb6 cxb6
35. Rc1 Rxc1+ 36. Bxc1 Rc8 37. Rc2 Qe8 38. Qd3 Rxc2 39. Qxc2 Qc8 40. Qxc8 Nxc8
41. Nxf8 Nd6 42. Nd2 Nc7 43. Nd7 a5 44. bxa5 bxa5 45. Nb6 Ncb5 46. Bb2 Kg8 47.
f3 Kf7 48. Ndc4 Nxc4 49. Nxc4 a4 50. Ba3 g6 51. Nd6+ Nxd6 52. Bxd6 h5 53. Kf2
Ke8 54. gxh5 gxh5 55. Kg3 Kd7 56. Ba3 1-0

[Event "13sen.WMH 2003 Senioren"]
[Site "Bad Zwischenahn(17.11.-29.11.2003)"]
[Date "2003.11.29"]
[Round "6"]
[White "Wanner, Georges"]
[Black "Baumgartner, Walter,Dr."]
[Result "0-1"]
[WhiteElo "1680"]
[BlackElo "2046"]
[PlyCount "66"]


1. e4 e6 2. d4 d5 3. Nc3 Bb4 4. e5 c5 5. Nf3 Ne7 6. Bb5+ Bd7 7. O-O Bxc3 8.
Bxd7+ Qxd7 9. bxc3 b6 10. a4 Nbc6 11. Re1 cxd4 12. cxd4 Na5 13. Ng5 h6 14. Nf3
Rc8 15. Qd3 Rc4 16. Ba3 Qc6 17. Rec1 Nc8 18. Nh4 g5 19. Ng6 Rg8 20. Nf8 Rxf8
21. Qh7 Ne7 22. Qxh6 Rg8 23. Qh7 Rg6 24. Qh8+ Ng8 25. Qh3 Rxc2 26. Rxc2 Qxc2
27. Rc1 Qb3 28. Qc3 Qxc3 29. Rxc3 Nc4 30. Bd6 Ne7 31. Rb3 Nc6 32. Rd3 Nxd6 33.
exd6 Kd7 0-1

[Event "13sen.WMH 2003 Senioren"]
[Site "Bad Zwischenahn(17.11.-29.11.2003)"]
[Date "2003.11.29"]
[Round "6"]
[White "Weller, Friedhelm"]
[Black "Niebaum, Karl"]
[Result "0-1"]
[WhiteElo "1704"]
[BlackElo "1798"]
[PlyCount "101"]


1. e4 c5 2. Nc3 d6 3. Be2 Nc6 4. Nf3 g6 5. d4 cxd4 6. Nxd4 Bg7 7. Be3 Nf6 8.
O-O O-O 9. Qd2 Re8 10. Rad1 a6 11. Bf3 Ne5 12. Be2 Bg4 13. f3 Bd7 14. Bh6 Bh8
15. Kh1 Rc8 16. Rfe1 Nc4 17. Bxc4 Rxc4 18. Nde2 Qc8 19. Qe3 b5 20. b3 Rc5 21.
b4 Rc4 22. a3 Nh5 23. Rd3 Be6 24. Red1 Qc7 25. Nd5 Bxd5 26. Rxd5 Nf6 27. R5d2
Rxc2 28. Rxc2 Qxc2 29. Rc1 Qa4 30. Qd3 Nd7 31. f4 Nb6 32. Nd4 Nc4 33. Rc3 Bg7
34. Bxg7 Kxg7 35. Nc2 a5 36. Rb3 e5 37. g3 Rc8 38. Kg2 axb4 39. Nxb4 Nxa3 40.
fxe5 dxe5 41. Qd5 Nc4 42. Qd3 Rd8 43. Nd5 Qa2+ 44. Kh3 Qa6 45. Qe2 Qe6+ 46. g4
Nd6 47. Rd3 h5 48. Kg3 Qxg4+ 49. Qxg4 hxg4 50. Kxg4 Nxe4 51. Kh4 0-1

[Event "13sen.WMH 2003 Senioren"]
[Site "Bad Zwischenahn(17.11.-29.11.2003)"]
[Date "2003.11.29"]
[Round "6"]
[White "Werchan, Hans,Dr."]
[Black "Meinhardt, Guenther"]
[Result "1-0"]
[WhiteElo "2022"]
[BlackElo "1737"]
[PlyCount "71"]


1. Nf3 d6 2. d4 c6 3. e4 Bg4 4. Be2 Nd7 5. Be3 Ndf6 6. Nbd2 e5 7. h3 Bxf3 8.
Bxf3 Ne7 9. O-O Ng6 10. g3 Be7 11. c3 Qc7 12. Qb3 O-O 13. h4 h5 14. Qd1 d5 15.
Bxh5 dxe4 16. Bxg6 fxg6 17. dxe5 Qxe5 18. Qe2 c5 19. Bg5 Rae8 20. Qc4+ Kh7 21.
Rae1 b5 22. Bxf6 Bxf6 23. Qe2 Qd5 24. Nxe4 Qxa2 25. Nxf6+ gxf6 26. Qxb5 Rxe1
27. Rxe1 Qd5 28. Re7+ Kh6 29. Rxa7 Qd1+ 30. Qf1 Qd2 31. Qc4 Qe1+ 32. Kg2 Qc1
33. Qxc5 Re8 34. Qc7 Kh5 35. Qh7+ Qh6 36. g4+ 1-0

[Event "13sen.WMH 2003 Senioren"]
[Site "Bad Zwischenahn(17.11.-29.11.2003)"]
[Date "2003.11.29"]
[Round "6"]
[White "Werl, Wolfgang"]
[Black "Grabara, Manfred"]
[Result "1-0"]
[WhiteElo "1758"]
[BlackElo "1741"]
[PlyCount "95"]


1. d4 f5 2. Nf3 g6 3. c3 Bg7 4. Bf4 d6 5. Nbd2 Nf6 6. e3 c6 7. Bd3 Be6 8. O-O
Nbd7 9. e4 fxe4 10. Nxe4 Nxe4 11. Bxe4 Bg4 12. h3 Bxf3 13. Bxf3 O-O 14. Bg3 Qb6
15. Qc2 Nf6 16. Rfe1 Rae8 17. Re2 d5 18. Rae1 c5 19. Be5 cxd4 20. Bxd4 Qc6 21.
Rxe7 Rxe7 22. Rxe7 Rf7 23. Qe2 Qd6 24. Rxf7 Kxf7 25. Qb5 Qc6 26. Qxc6 bxc6 27.
Bxa7 Nd7 28. Bd4 Bxd4 29. cxd4 Nf8 30. Bg4 Ke7 31. h4 Kd8 32. Kf1 h5 33. Bh3
Nh7 34. f3 Ke7 35. Ke2 Nf6 36. Ke3 Ne8 37. Kf4 Nd6 38. Kg5 Nb5 39. Kxg6 Nxd4
40. Bf5 c5 41. Kg5 c4 42. Kf4 Nxf5 43. Kxf5 d4 44. Ke4 c3 45. bxc3 dxc3 46. Kd3
Kd6 47. Kxc3 Ke5 48. g4 1-0

[Event "13sen.WMH 2003 Senioren"]
[Site "Bad Zwischenahn(17.11.-29.11.2003)"]
[Date "2003.11.29"]
[Round "6"]
[White "Wernitz, Armin"]
[Black "Bolduan, Albrecht"]
[Result "0-1"]
[WhiteElo "1456"]
[BlackElo "1368"]
[PlyCount "50"]


1. e4 d6 2. d4 f5 3. Nc3 fxe4 4. Nxe4 d5 5. Nc3 Nf6 6. g3 Bg4 7. f3 Bf5 8. Bg2
Bg6 9. Nge2 e6 10. O-O Bd6 11. Nf4 Bf7 12. Qe2 Bxf4 13. Bxf4 Nh5 14. Be5 c6 15.
f4 Nd7 16. g4 Nhf6 17. Rae1 Nxe5 18. Qxe5 Nxg4 19. f5 Nxe5 20. Rxe5 O-O 21.
fxe6 Bxe6 22. Rxe6 Rxf1+ 23. Bxf1 Qg5+ 24. Bg2 Qc1+ 25. Bf1 Rf8 0-1

[Event "13sen.WMH 2003 Senioren"]
[Site "Bad Zwischenahn(17.11.-29.11.2003)"]
[Date "2003.11.29"]
[Round "6"]
[White "Wiesner, Werner"]
[Black "Bitzer, Dieter"]
[Result "1-0"]
[WhiteElo "2031"]
[BlackElo "1735"]
[PlyCount "75"]


1. e4 e5 2. Nf3 Nc6 3. Bc4 Nf6 4. Ng5 d5 5. exd5 Na5 6. d3 h6 7. Nf3 Bd6 8. h3
Bd7 9. Nc3 O-O 10. O-O Nxc4 11. dxc4 e4 12. Nd4 Qe7 13. Be3 Qe5 14. g3 Bxh3 15.
Bf4 Qe7 16. Bxd6 cxd6 17. Re1 Rae8 18. Qd2 Qe5 19. Re3 Bd7 20. Rae1 Qg5 21. Qe2
Qg6 22. Ndb5 Ng4 23. Rxe4 Rxe4 24. Nxe4 Bxb5 25. cxb5 Qh5 26. f3 Ne5 27. Kg2
Qg6 28. c4 f5 29. Nxd6 Nxf3 30. Qe6+ Qxe6 31. Rxe6 Nd2 32. b3 a6 33. Nxb7 axb5
34. d6 Kf7 35. Re5 bxc4 36. bxc4 Kf6 37. Re2 Rf7 38. Rxd2 1-0

[Event "13sen.WMH 2003 Senioren"]
[Site "Bad Zwischenahn(17.11.-29.11.2003)"]
[Date "2003.11.29"]
[Round "6"]
[White "Wolffram, Gert"]
[Black "Simon, Eberhard[30Berlin]"]
[Result "0-1"]
[WhiteElo "1794"]
[BlackElo "1773"]
[PlyCount "66"]


1. d4 Nf6 2. Nf3 e6 3. e3 d5 4. Bd3 Be7 5. O-O O-O 6. Nbd2 b6 7. b3 c5 8. Bb2
Nc6 9. c3 Bb7 10. e4 dxe4 11. Nxe4 cxd4 12. cxd4 Nb4 13. Nxf6+ Bxf6 14. Bc4 Nd5
15. Qd2 a6 16. a4 Ne7 17. Rad1 Bxf3 18. gxf3 Ng6 19. f4 Qc7 20. Bc1 Rfd8 21.
Qe3 Qb7 22. f3 Nh4 23. Bb2 b5 24. Bd3 Qb6 25. Be4 Ra7 26. Qd3 bxa4 27. Bxh7+
Kh8 28. Be4 axb3 29. Rf2 a5 30. Rfd2 a4 31. Ba3 Rxd4 32. Qe3 Rxd2 33. Qxb6
Rxd1+ 0-1

[Event "13sen.WMH 2003 Senioren"]
[Site "Bad Zwischenahn(17.11.-29.11.2003)"]
[Date "2003.11.29"]
[Round "6"]
[White "Zschorsch, Peter"]
[Black "Grassmehl, Gerhard"]
[Result "1-0"]
[WhiteElo "1837"]
[BlackElo "1721"]
[PlyCount "69"]


1. d4 Nf6 2. e3 e6 3. Bd3 c5 4. b3 cxd4 5. exd4 Nc6 6. c3 b6 7. Nf3 Bb7 8. Nbd2
Rc8 9. Bb2 d5 10. O-O Bd6 11. Re1 O-O 12. Ne5 Qc7 13. Qe2 g6 14. g3 Nd7 15.
Ndf3 Bxe5 16. dxe5 Nc5 17. Bc2 Nd7 18. Rac1 Nc5 19. Qe3 Rfd8 20. Qh6 Ne4 21.
Bxe4 dxe4 22. Ng5 Nxe5 23. c4 f6 24. Bxe5 fxe5 25. Nxe6 Qf7 26. Ng5 Qe7 27. h4
Rd4 28. h5 Rc6 29. Nxe4 gxh5 30. Qg5+ Qxg5 31. Nxg5 Rc8 32. Rxe5 h4 33. Re7 Bc6
34. Rg7+ Kf8 35. Ne6+ 1-0

[Event "13sen.WMH 2003 Senioren"]
[Site "Bad Zwischenahn(17.11.-29.11.2003)"]
[Date "2003.??.??"]
[Round "6.1"]
[White "Karl, Hans[35SUI]"]
[Black "Chepukaitis, Genrikh"]
[Result "1/2-1/2"]
[WhiteElo "2265"]
[BlackElo "2420"]
[PlyCount "61"]


1. d4 Nf6 2. c4 e6 3. Nc3 Bb4 4. Qc2 d6 5. Bg5 h6 6. Bh4 c5 7. dxc5 dxc5 8. e3
Nc6 9. Rd1 Qa5 10. Bxf6 gxf6 11. Nf3 Qxa2 12. Nd2 Qa5 13. Be2 f5 14. O-O Bxc3
15. Nb3 Qb4 16. bxc3 Qb6 17. f4 Bd7 18. Rb1 Ne7 19. Bf3 Qc7 20. Qf2 Rc8 21. e4
b6 22. exf5 Nxf5 23. Bg4 Ng7 24. Nd2 Bc6 25. f5 exf5 26. Bxf5 Nxf5 27. Qxf5 O-O
28. Qg4+ Kh7 29. Qf5+ Kh8 30. Qf6+ Kh7 31. Qf5+ 1/2-1/2

[Event "13sen.WMH 2003 Senioren"]
[Site "Bad Zwischenahn(17.11.-29.11.2003)"]
[Date "2003.??.??"]
[Round "6.2"]
[White "Klovans, Janis"]
[Black "Asmundsson, Ingvar"]
[Result "0-1"]
[WhiteElo "2465"]
[BlackElo "2402"]
[PlyCount "104"]


1. e4 c5 2. Nf3 e6 3. d4 cxd4 4. Nxd4 a6 5. Bd3 Nc6 6. Nxc6 dxc6 7. Nd2 e5 8.
Nc4 Be6 9. O-O Bxc4 10. Bxc4 Nf6 11. Qf3 Bc5 12. b4 Be7 13. Bb2 b5 14. Bb3 Bd6
15. Qf5 O-O 16. f4 g6 17. Qh3 Qb6+ 18. Kh1 Nxe4 19. fxe5 Be7 20. Rxf7 Rxf7 21.
Bxf7+ Kg7 22. e6+ Bf6 23. Bxf6+ Nxf6 24. Qc3 Qf2 25. Qxc6 Ng4 26. h3 Qf6 27. c3
Nf2+ 28. Kg1 Rd8 29. Rf1 Rd2 30. Qc5 Qf4 31. Qxf2 Rxf2 32. Rxf2 Qe3 33. Kf1
Qc1+ 34. Ke2 Qxc3 35. Rf3 Qb2+ 36. Kf1 Qb1+ 37. Kf2 Qxb4 38. Re3 Qe7 39. a3 a5
40. Ke2 b4 41. axb4 axb4 42. Kd2 Kf8 43. g3 Qd6+ 44. Ke2 Qa6+ 45. Kf2 Ke7 46.
Bg8 Qa2+ 47. Re2 Qa8 48. Bxh7 Qh8 49. Re4 b3 50. Rb4 Qb2+ 51. Kf1 Qc1+ 52. Kg2
Qd2+ 0-1

[Event "13sen.WMH 2003 Senioren"]
[Site "Bad Zwischenahn(17.11.-29.11.2003)"]
[Date "2003.??.??"]
[Round "6.4"]
[White "Sanakoev, Grigory"]
[Black "Rahls, Peter"]
[Result "0-1"]
[WhiteElo "2310"]
[BlackElo "2340"]
[PlyCount "117"]


1. e4 c5 2. Nf3 e6 3. d4 cxd4 4. Nxd4 Nf6 5. Nc3 d6 6. Be3 a6 7. a4 b6 8. f3
Bb7 9. Qd2 Be7 10. Bc4 d5 11. exd5 exd5 12. Bd3 O-O 13. Nce2 Nbd7 14. O-O Re8
15. c3 Ne5 16. Bf4 Nc4 17. Qc1 Nh5 18. Bg3 Nxg3 19. hxg3 Bg5 20. f4 Bf6 21. b3
Ne3 22. Rf3 Ng4 23. Qd2 g6 24. b4 Qe7 25. a5 b5 26. Nc1 Qf8 27. f5 g5 28. Nce2
Qh6 29. Kf1 Nh2+ 30. Kf2 Nxf3 31. Nxf3 Qg7 32. Nfd4 Re7 33. Rh1 h6 34. g4 Rc8
35. Rh3 Rce8 36. Bc2 Be5 37. Bd3 Qf6 38. Qc1 Rc7 39. Qd2 Kg7 40. Bb1 Rh8 41.
Ng3 Bxg3+ 42. Rxg3 Re8 43. Bd3 Bc8 44. Rh3 Qe5 45. Rf3 Kf6 46. Rh3 Rh8 47. Bc2
Qf4+ 48. Qxf4 gxf4 49. Bb3 Bb7 50. Ke1 Rhc8 51. Kd2 Rg8 52. Bd1 h5 53. gxh5
Rxg2+ 54. Ke1 Rg3 55. Rxg3 fxg3 56. Kf1 Bc8 57. Kg2 Bxf5 58. Nxf5 Kxf5 59. Kxg3
0-1

[Event "13sen.WMH 2003 Senioren"]
[Site "Bad Zwischenahn(17.11.-29.11.2003)"]
[Date "2003.??.??"]
[Round "6.5"]
[White "Kraidman, Yair"]
[Black "Uhlmann, Wolfgang"]
[Result "0-1"]
[WhiteElo "2320"]
[BlackElo "2455"]
[PlyCount "162"]


1. d4 Nf6 2. c4 g6 3. Nc3 Bg7 4. e4 O-O 5. Be3 c6 6. Be2 d6 7. Qd2 e5 8. O-O-O
Qa5 9. Kb1 Nbd7 10. dxe5 dxe5 11. h3 Nc5 12. Nf3 Be6 13. Nd5 Qxd2 14. Nxf6+
Bxf6 15. Nxd2 Be7 16. f3 a5 17. Kc2 a4 18. Nb1 b5 19. a3 Rfb8 20. Nd2 b4 21.
axb4 Rxb4 22. Ra1 Rab8 23. Rhb1 f5 24. g4 fxe4 25. fxe4 Nb3 26. Nxb3 Rxb3 27.
Bd2 Rxh3 28. Rh1 Rg3 29. Rhg1 Rxg1 30. Rxg1 Bc5 31. Ra1 Bd4 32. Ra2 Bd7 33.
Rxa4 Rxb2+ 34. Kc1 Rb8 35. g5 Kf7 36. Kc2 Rb2+ 37. Kc1 Rb3 38. Ra8 Rh3 39. Kc2
Rh2 40. Kd1 Rh4 41. Bf3 Be6 42. Ra6 c5 43. Ra7+ Ke8 44. Be2 Kd8 45. Ba5+ Kc8
46. Rc7+ Kb8 47. Re7 Bg4 48. Bxg4 Rxg4 49. Bc7+ Kc8 50. Rxh7 Rxe4 51. Bd6 Rg4
52. Rc7+ Kd8 53. Rg7 e4 54. Be7+ Ke8 55. Bf6 e3 56. Rxg6 Kf7 57. Rh6 Rg1+ 58.
Ke2 Rg2+ 59. Kf1 Ra2 60. Ke1 Rc2 61. Rh7+ Ke6 62. Rc7 Kf5 63. Kd1 Ra2 64. Ke1
Ke4 65. Rf7 Rf2 66. Ra7 Rg2 67. Kf1 Rc2 68. Ke1 Kd3 69. Ra3+ Kxc4 70. Kd1 Rg2
71. Ke1 Kd5 72. Kf1 Rg4 73. Ke1 Ke4 74. Ra8 Rg2 75. Kf1 Rc2 76. Ke1 Rb2 77. Kd1
Rg2 78. Ra4 Kf3 79. Ra3 Rg1+ 80. Kc2 Ke4 81. Ra8 e2 0-1

[Event "13sen.WMH 2003 Senioren"]
[Site "Bad Zwischenahn(17.11.-29.11.2003)"]
[Date "2003.11.29"]
[Round "6.6"]
[White "Chernikov, Oleg"]
[Black "Ivanets, Vladimir"]
[Result "1/2-1/2"]
[WhiteElo "2443"]
[BlackElo "2270"]
[PlyCount "25"]


1. d4 b5 2. e4 Bb7 3. Bd3 e6 4. Qe2 a6 5. Nf3 Nf6 6. O-O Be7 7. b3 b4 8. c4
bxc3 9. Nxc3 d5 10. Bg5 dxe4 11. Nxe4 Nxe4 12. Bxe7 Qd5 13. Ba3 1/2-1/2

[Event "13sen.WMH 2003 Senioren"]
[Site "Bad Zwischenahn(17.11.-29.11.2003)"]
[Date "2003.11.29"]
[Round "6.7"]
[White "Zhelesny, Stanislaw"]
[Black "Bukal, Vladimir"]
[Result "0-1"]
[WhiteElo "2228"]
[BlackElo "2428"]
[PlyCount "102"]


1. d4 d5 2. c4 c6 3. e3 Nf6 4. Nf3 a6 5. b3 Bg4 6. Be2 e6 7. O-O Nbd7 8. Nbd2
Bd6 9. Bb2 Qb8 10. h3 Bh5 11. Re1 O-O 12. Rc1 Re8 13. g4 Bg6 14. Nh4 Ne4 15.
Nxg6 Bh2+ 16. Kf1 Nxf2 17. Qc2 Qg3 18. Nf3 fxg6 19. Nxh2 Nxh3 20. Bf3 Qg1+ 21.
Ke2 Qxh2+ 22. Kd3 Nf2+ 23. Kc3 Rf8 24. Bh1 Nxg4 25. Qxh2 Nxh2 26. Re2 Ng4 27.
Ba3 Rf2 28. Rcc2 Rxe2 29. Rxe2 Ngf6 30. Bd6 g5 31. Kd3 Re8 32. e4 Nxe4 33. Bxe4
dxe4+ 34. Rxe4 Kf7 35. Re2 h5 36. a4 g4 37. a5 g5 38. b4 h4 39. b5 cxb5 40.
cxb5 Nf6 41. Rc2 Nd5 42. bxa6 bxa6 43. Rc6 g3 44. Ke2 Kf6 45. Rxa6 Rc8 46. Ra7
Rc2+ 47. Kf3 Rf2+ 48. Ke4 g2 49. Be5+ Kg6 50. Bh2 Rf1 51. Ke5 Rh1 0-1

[Event "13sen.WMH 2003 Senioren"]
[Site "Bad Zwischenahn(17.11.-29.11.2003)"]
[Date "2003.??.??"]
[Round "6.8"]
[White "Ljubarskij, Jurij"]
[Black "Donchenko, Anatoli"]
[Result "0-1"]
[WhiteElo "2295"]
[BlackElo "2410"]
[PlyCount "74"]


1. e4 c5 2. Nc3 e6 3. f4 a6 4. Nf3 d5 5. d3 Nc6 6. g3 Nf6 7. e5 d4 8. exf6 dxc3
9. bxc3 Qxf6 10. Bd2 Bd6 11. Bg2 h6 12. Rb1 Rb8 13. O-O O-O 14. Ne5 Nxe5 15.
fxe5 Qxe5 16. Bf4 Qxc3 17. Qh5 Bxf4 18. Rxf4 b5 19. Rbf1 f5 20. g4 Bd7 21. gxf5
exf5 22. Bh3 Qxc2 23. Bxf5 Bxf5 24. Rxf5 Rxf5 25. Qxf5 Qxa2 26. Qxc5 Qe6 27. d4
Qg4+ 28. Kh1 Qe4+ 29. Kg1 Rd8 30. Ra1 Rxd4 31. Rf1 Rd2 32. Qf8+ Kh7 33. Rf2
Rd1+ 34. Rf1 Rd5 35. Rf4 Rg5+ 36. Kf1 Qe3 37. Rf2 Qd3+ 0-1

[Event "13sen.WMH 2003 Senioren"]
[Site "Bad Zwischenahn(17.11.-29.11.2003)"]
[Date "2003.??.??"]
[Round "6.9"]
[White "Dornieden, Manfred,Prof.Dr."]
[Black "Hecht, Hans-Joachim"]
[Result "1/2-1/2"]
[WhiteElo "2265"]
[BlackElo "2400"]
[PlyCount "72"]


1. c4 Nf6 2. Nf3 e6 3. g3 d5 4. b3 Nc6 5. Bb2 Be7 6. Bg2 O-O 7. O-O d4 8. d3 e5
9. a3 a5 10. Nbd2 Re8 11. Qc2 h6 12. Rad1 Bc5 13. Ne4 Nxe4 14. dxe4 Qe7 15. Ra1
Rf8 16. Ne1 f5 17. Nd3 g6 18. Qd2 Kh7 19. Bc1 g5 20. exf5 Bxf5 21. h4 Rg8 22.
hxg5 Rxg5 23. b4 axb4 24. Nxc5 Qxc5 25. axb4 Qf8 26. Rxa8 Qxa8 27. b5 Ne7 28.
e3 c5 29. bxc6 Nxc6 30. exd4 exd4 31. Re1 Qd8 32. Qb2 Rg7 33. Qb5 Qf6 34. Bf4
d3 35. Bxc6 bxc6 36. Qe5 Qxe5 1/2-1/2

[Event "13sen.WMH 2003 Senioren"]
[Site "Bad Zwischenahn(17.11.-29.11.2003)"]
[Date "2003.11.29"]
[Round "6.10"]
[White "Katalymov, Boris"]
[Black "Hermann, Manfred[42Oldenb]"]
[Result "0-1"]
[WhiteElo "2381"]
[BlackElo "2281"]
[PlyCount "61"]


1. d4 d5 2. Nf3 Nf6 3. g3 c6 4. Bg2 Bf5 5. O-O e6 6. b3 Nbd7 7. c4 Be7 8. a4 a5
9. Nbd2 h6 10. Bb2 Ne4 11. Rc1 O-O 12. Ne1 Nxd2 13. Qxd2 Qb6 14. Qd1 Rad8 15.
Nd3 dxc4 16. e4 Bxe4 17. Bxe4 cxd3 18. Bxd3 Nf6 19. Bb1 e5 20. Qe2 e4 21. f3 e3
22. Qxe3 Rfe8 23. Qc3 Bb4 24. Qc2 g6 25. Qf2 Re6 26. Kh1 Nd5 27. f4 Rde8 28.
Bd3 Re3 29. Bc4 Qd8 30. Qg2 R3e4 31. Qh3 0-1

[Event "13sen.WMH 2003 Senioren"]
[Site "Bad Zwischenahn(17.11.-29.11.2003)"]
[Date "2003.??.??"]
[Round "6.11"]
[White "Klein, Manfred[40Siegb]"]
[Black "Arkhangelsky, Boris"]
[Result "1/2-1/2"]
[WhiteElo "2137"]
[BlackElo "2269"]
[PlyCount "54"]


1. e4 c5 2. Nf3 Nc6 3. d4 cxd4 4. Nxd4 Nf6 5. Nc3 d6 6. Bc4 Bd7 7. Bb3 g6 8.
Be3 Bg7 9. f3 O-O 10. Qd2 a6 11. O-O-O Na5 12. g4 b5 13. h4 Nc4 14. Bxc4 bxc4
15. Kb1 Re8 16. h5 Qa5 17. hxg6 fxg6 18. Nde2 Rab8 19. Ka1 Qb4 20. Rb1 Rf8 21.
Bh6 Rf7 22. Bxg7 Kxg7 23. e5 Ng8 24. Qd4 Kf8 25. exd6 Qxd6 26. Qxc4 Rb4 27. Qd5
Bc6 1/2-1/2

[Event "13sen.WMH 2003 Senioren"]
[Site "Bad Zwischenahn(17.11.-29.11.2003)"]
[Date "2003.??.??"]
[Round "6.12"]
[White "Litvinov, Vladimir"]
[Black "Sawadkuhi, Massoud Amir"]
[Result "1-0"]
[WhiteElo "2350"]
[BlackElo "2255"]
[PlyCount "95"]


1. d4 Nf6 2. c4 c5 3. d5 a6 4. Nc3 b5 5. cxb5 axb5 6. Nxb5 Qa5+ 7. Nc3 Ba6 8.
Nf3 g6 9. Bd2 Qb6 10. Qb3 Qa7 11. g3 Bg7 12. Bg2 O-O 13. O-O d6 14. Rfd1 Nbd7
15. Qc2 Rab8 16. Rab1 Nb6 17. Bf4 Qa8 18. e4 Nc4 19. Nd2 Nh5 20. Bg5 f6 21.
Nxc4 fxg5 22. Na5 Bd4 23. Rd2 Bd3 24. Qxd3 Qxa5 25. Rc1 Nf6 26. Bh3 g4 27. Bf1
Nd7 28. Qa6 Qd8 29. Nb5 Bg7 30. Na7 Ne5 31. Nc6 Nf3+ 32. Kg2 Qc7 33. Rdc2 Bxb2
34. Rb1 Ra8 35. Rcxb2 Rxa6 36. Bxa6 Ra8 37. Rb7 Qxb7 38. Bxb7 Rxa2 39. Nxe7+
Kg7 40. Nc8 Nd2 41. Re1 c4 42. Nxd6 c3 43. e5 Nf3 44. Rc1 c2 45. Nc4 Ra4 46. d6
Rxc4 47. Bxf3 gxf3+ 48. Kxf3 1-0

[Event "13sen.WMH 2003 Senioren"]
[Site "Bad Zwischenahn(17.11.-29.11.2003)"]
[Date "2003.??.??"]
[Round "6.13"]
[White "Goy, Udo"]
[Black "Baumgartner, Heinz"]
[Result "0-1"]
[WhiteElo "2180"]
[BlackElo "2307"]
[PlyCount "70"]


1. d4 Nf6 2. c4 e6 3. Nc3 d5 4. Nf3 c5 5. e3 Nc6 6. Bd3 a6 7. O-O dxc4 8. Bxc4
b5 9. Bb3 Bb7 10. Qe2 Be7 11. Rd1 Qc7 12. d5 exd5 13. Nxd5 Nxd5 14. Bxd5 O-O
15. e4 Rad8 16. Be3 c4 17. a3 Na5 18. Rab1 Nb3 19. Nd4 Nxd4 20. Rxd4 Bc5 21.
Rd2 Bxd5 22. exd5 Rfe8 23. Qf3 Bxe3 24. fxe3 Qe5 25. Re1 c3 26. bxc3 Qxc3 27.
Qe2 Qxa3 28. e4 Re5 29. Qf2 Qe7 30. Qd4 Rd6 31. Rc2 Rexd5 32. Qb4 Qa7+ 33. Kh1
Rd1 34. e5 Rd8 35. Rc3 Rxe1# 0-1